000
00266nam a22001097a 4500
082
_a
621.381528 CAL'P
100
_a
CALDWELL, WILLIAM C
_9
80111
245
_a
PRACTICAL TRANSISTOR SERVICING
260
_a
NEWYORK
_b
HOWARD W. SAMS
_c
1960
300
_a
191P
942
_c
BK
999
_c
585075
_d
585075